000 00998nam a22002177a 4500
999 _c59790
_d59790
003 Ge_BSU
005 20230419114610.0
008 230419s1987 ge ||||| |||| 00| 0 geo d
041 _ageo
080 _a72.014.253 ყ-56
100 _aყიფიანი, გურამ
_913514
245 _aკაპიტელები /
_cგურამ ყიფიანი; [რედ.: ო. ლორთქიფანიძე].
264 _aთბილისი :
_bხელოვნება,
_c1987.
300 _a80 გვ. :
_b+ტაბულები. ილ. ;
_c22 სმ.
500 _aპარალ. თავფ. და რეზ. რუს. ენ.
501 _aტაბულების აღწერილობა გვ. 75-77
504 _aბიბლიოგრ. ტექსტის შენიშვნ.
653 _aკაპიტელი
700 _aლორთქიფანიძე, ო.
_eრედაქტორი
_917578
942 _2udc
_cBK